[Event "GER Cup Net V4 U2000"]
[Site "Playchess.com INT"]
[Date "2020.05.31"]
[Round "4"]
[White "Schelberg, Martin"]
[Black "Nagy, Zoltan1111"]
[Result "1-0"]
[WhiteElo "1489"]
[BlackElo "1604"]
[PlyCount "67"]
[EventDate "2020.05.31"]
[EventType "swiss (blitz)"]
[EventRounds "9"]
[EventCountry "GER"]
[SourceTitle "EXT 2021"]
[Source "ChessBase"]
[SourceDate "2020.10.23"]
[SourceVersion "1"]
[SourceVersionDate "2020.10.23"]
[SourceQuality "1"]

1. e4 e6 2. Nf3 d5 3. exd5 exd5 4. d4 Bd6 5. Bd3 Ne7 6. 0-0 Bg4 7. Re1 Nbc6 8. Be3 Qd7 9. b3 f6 10. c4 dxc4 11. bxc4 Bb4 12. Nbd2 0-0 13. Qc2 Bf5 14. a3 Bxd2 15. Qxd2 Rfe8 16. Bxf5 Qxf5 17. d5 Nd8 18. Bc5 Kf7 19. Nd4 Qd7 20. Bxe7 Rxe7 21. Rxe7+ Qxe7 22. Re1 Qd7 23. Qe2 g6 24. Qf3 c5 25. Nb5 a6 26. d6 Rb8 27. Re7+ Qxe7 28. dxe7 Kxe7 29. Qe4+ Ne6 30. Nc3 Rd8 31. Nd5+ Kf7 32. Qf3 Ng5 33. Qxf6+ Kg8 34. Qxd8+ 1-0